000 00412nam a2200145 4500
001 108554
003 ES-MaACL
007 t|
008 061121s1978 sp r ||||1| spa d
100 1 _aMonkhouse, F.J.
_982223
245 1 0 _aDiccionario de términos geográficos /
_cF.J. Monkhouse.
260 _aBarcelona :
_bOikos-Tau,
_c1978.
300 _a560 p. :
_bil. ;
_c23 cm.
852 _aES-MaACL
_jL-416
_bR.101172
999 _c108554
_d108554